| 000 | 00912cam a22002415a 4500 | ||
|---|---|---|---|
| 001 | L157387 | ||
| 008 | 120413s2012 xxka f 000 0 eng u | ||
| 020 | _a9781848062849 | ||
| 035 | _a(Sirsi) u157387 | ||
| 041 | 0 | _aeng | |
| 100 | 1 | _aMatthews, Stuart | |
| 245 | 0 | 0 | _aStructural assessment of existing large panel system (LPS) dwelling blocks for accidental loads |
| 260 |
_aWatford _bBRE _c2012 |
||
| 300 |
_a16p. _bill. _c30cm. |
||
| 490 | 0 |
_aBRE Digest _vDG 526 |
|
| 520 | _aSummarises the advice set out in BRE Report 511 "Handbook for the Structural Assessment of Large Panel System (LPS) Dwelling Blocks for Accidental Loading". Explains how to carry out a structural assessment and sets out the technical requirements and objectives. | ||
| 521 | _aAdvanced | ||
| 590 | _aKA | ||
| 651 | 4 |
_aUnited Kingdom _y |
|
| 690 | _aBuilding materials and defects | ||
| 700 | 1 | _aReeves, Barry | |
| 942 | _n0 | ||
| 999 |
_c114746 _d114746 |
||